| 000 -LEADER |
| fixed length control field |
01792nam a2200385 i 4500 |
| 003 - CONTROL NUMBER IDENTIFIER |
| control field |
OSt |
| 005 - DATE AND TIME OF LATEST TRANSACTION |
| control field |
20230819152408.0 |
| 008 - FIXED-LENGTH DATA ELEMENTS--GENERAL INFORMATION |
| fixed length control field |
151020s2008 enka e 000 1 eng d |
| 020 ## - INTERNATIONAL STANDARD BOOK NUMBER |
| International Standard Book Number |
9780194791298 |
| 040 ## - CATALOGING SOURCE |
| Original cataloging agency |
CaBVA |
| Language of cataloging |
eng |
| Transcribing agency |
CaBVa |
| Modifying agency |
CaOL |
| -- |
KH8 |
| 082 ## - DEWEY DECIMAL CLASSIFICATION NUMBER |
| Classification number |
428. 6 WES |
| 100 1# - MAIN ENTRY--PERSONAL NAME |
| Personal name |
West, Clare, |
| Relator term |
author. |
| 245 14 - TITLE STATEMENT |
| Title |
The secret garden / |
| Statement of responsibility, etc. |
Frances Hodgson Burnett ; retold by Clare West ; illustrated by Jenny Brackley. |
| 250 ## - EDITION STATEMENT |
| Edition statement |
Simplified edition. |
| 264 #1 - PRODUCTION, PUBLICATION, DISTRIBUTION, MANUFACTURE, AND COPYRIGHT NOTICE |
| Place of production, publication, distribution, manufacture |
Oxford, [England] : |
| Name of producer, publisher, distributor, manufacturer |
Oxford University Press, |
| Date of production, publication, distribution, manufacture, or copyright notice |
[2008] |
| 300 ## - PHYSICAL DESCRIPTION |
| Extent |
72 pages : |
| Other physical details |
illustrations ; |
| Dimensions |
20 cm. |
| 336 ## - CONTENT TYPE |
| Content type term |
text |
| Source |
rdacontent. |
| 337 ## - MEDIA TYPE |
| Media type term |
unmediated |
| Source |
rdamedia. |
| 338 ## - CARRIER TYPE |
| Carrier type term |
volume |
| Source |
rdacarrier. |
| 490 1# - SERIES STATEMENT |
| Series statement |
Oxford bookworms library, Human interest ; |
| Volume/sequential designation |
3. |
| 500 ## - GENERAL NOTE |
| General note |
First published in Oxford Bookworms, 1993. |
| 520 ## - SUMMARY, ETC. |
| Summary, etc. |
"Little Mary Lennox is a bad-tempered, disagreeable child. When her parents die in India, she is sent back to England to live with her uncle in a big, lonely, old house. There is nothing to do all day except walk in the gardens - and watch the robin flying over the high walls of the secret garden...which has been locked for ten years. And no one has the key."--Back cover. |
| 650 #0 - SUBJECT ADDED ENTRY--TOPICAL TERM |
| Topical term or geographic name entry element |
Orphans |
| Form subdivision |
Juvenile fiction. |
| 650 #0 - SUBJECT ADDED ENTRY--TOPICAL TERM |
| Topical term or geographic name entry element |
Gardens |
| Form subdivision |
Juvenile fiction. |
| 650 #0 - SUBJECT ADDED ENTRY--TOPICAL TERM |
| Topical term or geographic name entry element |
People with disabilities |
| Form subdivision |
Juvenile fiction. |
| 650 #0 - SUBJECT ADDED ENTRY--TOPICAL TERM |
| Topical term or geographic name entry element |
High interest-low vocabulary books. |
| 650 #0 - SUBJECT ADDED ENTRY--TOPICAL TERM |
| Topical term or geographic name entry element |
Readers (Adult) |
| 650 #0 - SUBJECT ADDED ENTRY--TOPICAL TERM |
| Topical term or geographic name entry element |
Readers for new literates. |
| 651 #0 - SUBJECT ADDED ENTRY--GEOGRAPHIC NAME |
| Geographic name |
Yorkshire (England) |
| Form subdivision |
Juvenile fiction. |
| 651 #0 - SUBJECT ADDED ENTRY--GEOGRAPHIC NAME |
| Geographic name |
England |
| Form subdivision |
Juvenile fiction. |
| 700 1# - ADDED ENTRY--PERSONAL NAME |
| Relationship information |
Based on (work): |
| Personal name |
Burnett, Frances Hodgson, |
| Dates associated with a name |
1849-1924. |
| Title of a work |
Secret garden. |
| 700 1# - ADDED ENTRY--PERSONAL NAME |
| Personal name |
Brackley, Jenny, |
| Relator term |
illustrator. |
| 830 #0 - SERIES ADDED ENTRY--UNIFORM TITLE |
| Uniform title |
Oxford bookworms library. |
| Name of part/section of a work |
Human interest. |
| -- |
Stage 3. |
| 942 ## - ADDED ENTRY ELEMENTS (KOHA) |
| Source of classification or shelving scheme |
|
| Koha item type |
Teaching Resources |